| 000 | 00671nam a22002057a 4500 | ||
|---|---|---|---|
| 003 | KOHA_MİRAKIL | ||
| 005 | 20260414091129.0 | ||
| 008 | 260414b tu ||||| |||| 00| 0 tur d | ||
| 040 |
_aTR-AnABB _btur _cTR-AnABB |
||
| 041 | _atur | ||
| 082 |
_a304.6209561 _bSEL 1957 |
||
| 100 | 1 | _aSelen, Hamid Sadi | |
| 245 | 1 | 0 |
_aTürkiye'de nüfus dağılışı : _brenkli harita ile / _cHamid Sadi Selen |
| 246 | _a1955 sayımına göre | ||
| 260 |
_aAnkara : _bAnkara Üniversitesi Siyasal Bilgiler Fakültesi, _c1957 |
||
| 300 |
_a15 sayfa : _btablo ; _c24 cm |
||
| 650 | 0 | 4 | _aNüfus, Türkiye |
| 650 | 0 | 4 | _aNüfus, Dağılış, Türkiye |
| 942 |
_2ddc _cBK |
||
| 999 |
_c10230 _d10230 |
||
| 900 | _bCan ÇELIK | ||